000 01105nam a2200277Ia 4500
003 OSt
005 20221005104040.0
006 a|||||r|||| 00| 0
007 ta
008 221004b |||||||| |||| 00| 0 san d
020 _a9788170844313 (hbk)
024 _a14317
037 _bGift, 07/11/2014,
_cTextual
040 _aCRL
_cCRL
_bsan
041 _2san
_asan
082 _aR67:g, 152Q3
100 _aत्रिभुवनदास
245 0 _aविशिष्टाद्वैत वेदान्त का विस्तृत विवेचन
246 _aVishiṣhṭādvait vedānta kā vistṛut vivechana
260 _aदिल्ली
_bचौखम्बा संस्कृत प्रतिष्ठान भारत
_c2013
300 _a754पृ0
_ccm.
490 _aव्रजजीवन प्राच्यभारती ग्रन्थमाला; 164
650 _aभारतीय दर्शन
942 _hR67:g, 152Q3
_cTEXL
_2cc
999 _c1011586
_d1011586